| 000 | 01421nam0a2200361 4500 | ||
|---|---|---|---|
| 001 | RU\NLR\bibl\284378 | ||
| 005 | 20260406050232.0 | ||
| 010 |
_a5-309-00285-5 _bВ пер. _97000 |
||
| 021 |
_aRU _b2002-9566 _9474 |
||
| 035 | _a(NLR Aleph) 000279815 | ||
| 090 |
_a1637249 _c1637249 |
||
| 100 | _a20020618d2001 |||y0rusy50 ca | ||
| 101 | 1 |
_arus _ceng |
|
| 102 | _aRU | ||
| 105 | _ay ||||||||| | ||
| 200 | 1 |
_aЗыбучий песок _eСб. фантаст. произведений _e[Пер. с англ.] _fДжон Браннер |
|
| 210 |
_aМ. _cАрмада-пресс _d2001 |
||
| 215 |
_a510,[1] с. _d21 |
||
| 225 | 1 |
_aОпрокинутый мир _eФантастика |
|
| 327 | 1 | _aСодерж.: Зыбучий песок; Сами себе боги; Век привидений; Легкий выход; Эликсир для императора | |
| 610 | 0 | _aНаучно-фантастические романы и рассказы (х. л.) | |
| 675 |
_a821.111-32Браннер _v3 _zrus |
||
| 686 |
_a17.82 _2rugasnti |
||
| 686 |
_a84(4Вел)-44 _2rubbk |
||
| 686 | _aШ6(4Вл)67-445 | ||
| 700 | 1 |
_4070 _7ca _8rus _aБраннер _bД. _f1934-1995 _gДжон _3RU\NLR\AUTH\775753 _9115712 |
|
| 801 | 0 |
_aRU _bRKP _c20020618 _gPSBO |
|
| 801 | 1 |
_aRU _bRKP _c20020618 |
|
| 801 | 2 |
_aRU _bNLR _c20020801 _grcr |
|
| 942 | _cBOOK | ||
| 980 | _aNB | ||